''Race'', gender and the education of teachers
Αποθηκεύτηκε σε:
| Άλλοι συγγραφείς: | |
|---|---|
| Μορφή: | Βιβλίο |
| Γλώσσα: | English |
| Δημοσίευση: |
Buckingham :
Open University Press,
1993
|
| Σειρά: | Gender and education series
|
| Θέματα: | |
| Ετικέτες: |
Προσθήκη ετικέτας
Δεν υπάρχουν, Καταχωρήστε ετικέτα πρώτοι!
|
MARC
| LEADER | 00000nam a2200000 i 4500 | ||
|---|---|---|---|
| 001 | 1/95536 | ||
| 008 | 991207s1993 eng d | ||
| 020 | |a 0-335-19017-0 | ||
| 035 | |l 10055358 | ||
| 040 | |a GR-MY-UA |b gre |e aacr | ||
| 041 | 0 | |a eng | |
| 082 | 0 | |a 370.710941 | |
| 245 | 1 | 0 | |a ''Race'', gender and the education of teachers / |c edited by Iram Siraj-Blatchford |
| 260 | |a Buckingham : |b Open University Press, |c 1993 | ||
| 300 | |a 172 p. | ||
| 490 | 1 | |a Gender and education series | |
| 650 | 0 | 0 | |a Teachers |x Training of |z Great Britain. |
| 650 | 0 | 0 | |a Women teachers |x Training of |z Great Britain. |
| 650 | 0 | 0 | |a Discrimination in higher education |z Great Britain. |
| 650 | 0 | 0 | |a Sex discrimination in higher education |z Great Britain. |
| 650 | 0 | 0 | |a Educational equalization |z Great Britain. |
| 700 | 1 | |a Siraj-Blatchford, Iram. |4 edt | |
| 830 | 0 | |a Gender and education series | |
| 852 | |a INST |b RHODES |e 19991207 |h 370.710941 RAC |p 005400012330 |q 005400012330 |t BK |y 0 | ||
| 901 | |a BIBL4-1999-3 | ||
| 909 | |a Ρ |b 069198 | ||
| 922 | |a 4ΕΛΗ |b 199909 |c ΚΠΣ/154 |d GLORY BOOKS | ||
| 970 | |a ΚΟΥΛΑΚΙΟΤΗ |b ΛΙΤΣΑ |z 1999/12/07 | ||